| 000 | 00649nam a2200217 i 4500 | ||
|---|---|---|---|
| 001 | 20350 | ||
| 003 | ES-MaACL | ||
| 005 | 20250904063039.0 | ||
| 007 | t| | ||
| 008 | 021111s1963 sp af |||| |aspa d | ||
| 080 | _a929 Aguilar Muñoz, Manuel | ||
| 080 | _a655.4 | ||
| 100 | 1 |
_aAguilar Muñoz, Manuel, _d1888-1965 _918738 |
|
| 245 | 1 | 4 |
_aUna experiencia editorial / _cManuel Aguilar Muñoz. |
| 260 |
_a[Madrid] : _bAguilar, _c[1963] |
||
| 300 |
_a306 p., 9 lám. ; _c28 cm. |
||
| 600 | 1 | 4 |
_aAguilar Muñoz, Manuel, _d1888-1965 _918738 |
| 650 | 0 | 4 |
_aEditores- _zEspaña. _912063 |
| 852 |
_aES-MaACL _jC-24602 |
||
| 999 |
_c20350 _d20350 |
||